Normal view
MARC view
- المحاسبة - تدقيق الحسابات
Entry Topical Term
001 - CONTROL NUMBER
- control field: 61499
003 - CONTROL NUMBER IDENTIFIER
- control field: JO-AjAnu
005 - DATE AND TIME OF LATEST TRANSACTION
- control field: 20230606084041.0
008 - FIXED-LENGTH DATA ELEMENTS
- fixed length control field: 230606|| aca||aabn | a|a d
040 ## - CATALOGING SOURCE
- Original cataloging agency: JO-AjAnu
- Transcribing agency: JO-AjAnu
150 ## - HEADING--TOPICAL TERM
- Topical term or geographic name entry element: المحاسبة - تدقيق الحسابات
670 ## - SOURCE DATA FOUND
- Source citation: Work cat.: (JO-AjAnu)31369: النصراوي، سلام عادل عباس، م.مشارك حسين هادي حسين عنيزة, author 61498, متغيرات البيئة المحلية والتوافق المحاسبي الدولي: (دراسة تحليلة وآلية مقترحة)